00409cam a22000977a 4500008004000000082001900040245013200059260005000191300000900241700006100250180718b1971 xxu||||| |||| 00| 0 eng d aQ3x42 Un3/1972 aThe 1972 review of social security benefits and associated changescby Department of Health and Social Security, United Kingtom aLondonbHer Majesty's Stationery Officec1971 a20p. aUnited Kingtom. Department of Health and Social Security